<The> economics and politics of transition to an open market economy Egypt

Gespeichert in:
Bibliographische Detailangaben
1. Verfasser: Weiss, Dieter
Körperschaft: OECD. Development Centre
Weitere Verfasser: Wurzel, Ulrich
Format: Buch
Sprache:Englisch
Veröffentlicht: Paris OECD 1998
Schriftenreihe:Development Centre studies
Schlagworte:
Tags: Tag hinzufügen
Keine Tags, Fügen Sie das erste Tag hinzu!

MARC

LEADER 00000nam a2200000 4500
001 c122177
005 20221109093351.0
020 |a 92-64-16124-4 
041 0 |a eng 
044 |a FR 
245 1 0 |a <The> economics and politics of transition to an open market economy  |b Egypt  |c Dieter Weiss, Ulrich Wurzel 
264 1 |a Paris  |b OECD  |c 1998 
300 |a 229 s. 
490 1 |a Development Centre studies 
830 0 |a Development Centre studies 
610 2 0 |a reformy hospodárske 
610 2 0 |a kríza hospodárska 
610 2 0 |a politika 
610 2 0 |a politika hospodárska 
610 2 0 |a mikroekonomika 
610 2 0 |a ideológia 
610 2 0 |a nestabilita politická 
610 2 0 |a svet 
610 2 0 |a Egypt 
610 2 0 |a OECD 
100 1 |a Weiss, Dieter 
700 1 |a Wurzel, Ulrich 
710 2 |a OECD. Development Centre